How To Gain (and Maintain) the Competitive Advantage in Business

Saved in:
Bibliographic Details
Main Author: Rothschild, William E.
Format: Book
Language:English
Published: New York MacGraw-Hill Book Co. 1989
Edition:1. ed.
Tags: Add Tag
No Tags, Be the first to tag this record!

MARC

LEADER 00000nam a2200000 4500
001 c024015
005 20221215113915.2
041 0 |a eng 
044 |a US 
245 1 0 |a How To Gain (and Maintain) the Competitive Advantage in Business  |c William E. Rothschild 
250 |a 1. ed. 
264 1 |a New York  |b MacGraw-Hill Book Co.  |c 1989 
300 |a 227 s. 
100 1 |a Rothschild, William E.